Plant community history : (Record no. 16129)

MARC details
000 -LEADER
fixed length control field 01019nam a2200337 4500
001 - CONTROL NUMBER
control field 000
005 - DATE AND TIME OF LATEST TRANSACTION
control field 20170912103024.0
006 - FIXED-LENGTH DATA ELEMENTS--ADDITIONAL MATERIAL CHARACTERISTICS--GENERAL INFORMATION
fixed length control field 000
007 - PHYSICAL DESCRIPTION FIXED FIELD--GENERAL INFORMATION
fixed length control field 000
008 - FIXED-LENGTH DATA ELEMENTS--GENERAL INFORMATION
fixed length control field 000
010 ## - LIBRARY OF CONGRESS CONTROL NUMBER
LC control number 91125051
020 ## - INTERNATIONAL STANDARD BOOK NUMBER
International Standard Book Number 0412303205
040 ## - CATALOGING SOURCE
Original cataloging agency UOEL
Transcribing agency DLC
Modifying agency DLC
050 00 - LIBRARY OF CONGRESS CALL NUMBER
Classification number QK911
Item number .T35 1991
082 00 - DEWEY DECIMAL CLASSIFICATION NUMBER
Classification number 581.5/247
Edition number 20
100 1# - MAIN ENTRY--PERSONAL NAME
Personal name Tallis, J. H.
245 10 - TITLE STATEMENT
Title Plant community history :
Remainder of title long-term changes in plant distribution and diversity /
Statement of responsibility, etc J.H. Tallis.
250 ## - EDITION STATEMENT
Edition statement 1st ed.
260 ## - PUBLICATION, DISTRIBUTION, ETC. (IMPRINT)
Place of publication, distribution, etc London ;
-- New York :
Name of publisher, distributor, etc Chapman and Hall,
Date of publication, distribution, etc 1991.
300 ## - PHYSICAL DESCRIPTION
Extent x, 398 p. :
Other physical details ill. ;
Dimensions 25 cm.
504 ## - BIBLIOGRAPHY, ETC. NOTE
Bibliography, etc Includes bibliographical references and indexes.
650 #0 - SUBJECT ADDED ENTRY--TOPICAL TERM
Topical term or geographic name as entry element Plant communities
General subdivision History.
Topical term or geographic name as entry element Vegetation dynamics.
Topical term or geographic name as entry element Vegetation and climate.
Topical term or geographic name as entry element Phytogeography.
Topical term or geographic name as entry element Paleobotany.
Topical term or geographic name as entry element Plant ecology.
906 ## - LOCAL DATA ELEMENT F, LDF (RLIN)
a 7
b cbc
c orignew
d 2
e ncip
f 19
g y-gencatlg
942 ## - ADDED ENTRY ELEMENTS (KOHA)
Source of classification or shelving scheme Library of Congress Classification
Item type SES Book
Holdings
Withdrawn status Lost status Source of classification or shelving scheme Damaged status Not for loan Home library Current library Shelving location Date acquired Total Checkouts Full call number Barcode Date last seen Copy number Price effective from Koha item type
    Library of Congress Classification     UOE Main Library UOE Main Library Open shelf 12/09/2017   QK911 .T35 1991 10000029 27/04/2026 10000029 12/09/2017 SES Book
    Library of Congress Classification     UOE Main Library UOE Main Library Open shelf 12/09/2017   QK911 .T35 1991 10000028 27/04/2026 10000028 12/09/2017 SES Book